=LDR 00000nam 2200000 4500 =001 INLIS000000000063424 =005 20240328091519 =035 ##$$a 0010-0324000067 =007 ta =008 240328###########################0#ind## =082 ##$$a 372.076 =084 ##$$a 372.076 CAR c =100 #$$a Cara Mudah Menghadapi Ujian nasional Sekolah Dasar 2012 =245 1#$$a Cara Mudah Menghadapi Ujian nasional Sekolah Dasar 2012 /$c Tim LMS =260 ##$$a Jakarta :$b Gramedia Widiasarana Indonesia,$c 2011 =300 ##$$a 295 hlm : $b Ilus =990 ##$$a 21100359